MARC

LEADER 00000nam0a2200000 4500
001 48610
005 20231101211146.0
010 |a 5893293649 
035 |a (RuTPU)RU\TPU\book\50911 
090 |a 48610 
100 |a 20030320d2001 k y0rusy50 ca 
101 0 |a rus 
102 |a RU 
105 |a y z 001zy 
200 1 |a Социология социологии: антитезисы  |f Ю. Л. Качанов  |g Российская академия наук; Институт социологии. Российско-французский центр социологии и философии 
210 |a Москва  |c Институт экспериментальной социологии  |a СПб.  |c Алетейа  |d 2001 
215 |a 185 с. 
225 1 |a Gallicinium 
320 |a Библиогр.: с. 179-185. 
606 1 |a Социология  |2 stltpush  |3 (RuTPU)RU\TPU\subj\67656  |9 83377 
610 1 |a социальная теория 
610 1 |a философия 
610 1 |a социологические теории 
610 1 |a Россия 
610 1 |a социологические различия 
610 1 |a общество 
610 1 |a российская социология 
610 1 |a 20 век 
686 |a С50  |v LBC/SL-A  |2 rubbk 
700 1 |a Качанов  |b Ю. Л.  |g Юрий Л. 
712 0 2 |a Российская академия наук (РАН)  |b Институт социологии (ИС)  |c (Москва)  |2 stltpush  |3 (RuTPU)RU\TPU\col\11828 
801 1 |a RU  |b 63413507  |c 20030320  |g PSBO 
801 2 |a RU  |b 63413507  |c 20140415  |g PSBO 
942 |c BK